| 000 | 01133cab a22002535a 4500 | ||
|---|---|---|---|
| 001 | L147230 | ||
| 008 | 090417s2009 xxkao f 000 0 eng d | ||
| 035 | _a(Sirsi) u147230 | ||
| 041 | 0 | _aeng | |
| 245 | 0 | 0 | _aHere to stay |
| 260 | _c2009 | ||
| 490 | 0 |
_aAgreement _vApril 2009, 27-32(6) |
|
| 520 | _aReveals that many in the private rental sector are still unsure of the compulsory tenancy deposit protection scheme introduced by legislation in 2007. Reviews the legislation, assesses its implications for agents and considers best practice. With reference to law cases, explains that, with differing courts taking different views, the legislation may not be working as intended. | ||
| 590 | _aKA | ||
| 650 | 2 | 4 | _aTENANCY DEPOSIT SCHEME (TDS) |
| 650 | 2 | 4 | _aHOUSING (TENANCY DEPOSITS) (PRESCRIBED INFORMATION) ORDER 2007 |
| 650 | 2 | 4 | _aHOUSING ACT 2004 |
| 650 | 2 | 4 | _aHOUSING ACT 1988 |
| 650 | 2 | 4 | _aSTANKOVA V GLASSONBURY |
| 650 | 2 | 4 | _aHARVEY V BAMFORTH |
| 651 | 4 |
_aEngland and Wales _y1543- |
|
| 690 | _aPROPERTY-RESIDENTIAL PROPERTY-RESIDENTIAL LANDLORD AND TENANT-RESIDENTIAL TENANCIES-ASSURED TENANCIES | ||
| 942 | _n0 | ||
| 999 |
_c81446 _d81446 |
||